Регионална библиотека "Любен Каравелов" - Русе

Ръководство по тапицерство и декораторство (Запис номер 60137)

MARC детайли
000 -Лидер
Контролно поле с фиксирана дължина 01202nam a2200313 a 4500
003 - Код на организацията, давaща контролен номер
Контролно поле BLK
005 - Дата и час на последна редакция
Контролно поле 20240918161533.0
008 - Елементи от данни с фиксирана дължина
fixed length control field 180408b bul|||||r ||||||| ||bul||
010 ## - Наследен системен номер
LC control number KNG00064273000
040 ## - Източник на каталожния запис
Идентификатор на билиотеката - собственик на записа BLK
041 ## - Код за език
Код за езика на текст/звукозапис или на отделно заглавие Български
Код за езика КДБФ Български
080 ## - УДК
Текстов определител УДК Тапицерство и декораторство
УДК код - определител по УДК 684.7
УДК определител (035)
УДК - код + определител 684.7(035)
100 1# - Редна дума - Автор
Автор Илчев, Христо Стефанов
R(LIN) 289664
139 ## - Редно поле
Редна дума Илчев, Христо Стефанов
Авторски знак Илч - И 58
245 10 - Сведения за заглавието
Заглавие Ръководство по тапицерство и декораторство
Редно поле (дума) Христо Ст. Илчев; науч. ред. Димитър Атанасов.
257 ## - Страна на издаване
Страна на създаване/издаване България
260 ## - Област на издателските данни
Място на издаване, разпространение и проч. София
Име на издателя, разпространителя и проч. Техника
Година на издаване 1970
300 ## - Физическа характеристика
Страници 264 с.
Размери/Мащаб 22 см
380 ## - Жанр
Жанр Техника
650 #4 - Допълнително описание по предмет – тема
Основно описание – тема или топоним Тапицерство
9 (RLIN) 173191
653 ## - Ключова дума – ненормативна
Ключова дума тапицерство
653 ## - Ключова дума – ненормативна
Ключова дума декораторство
653 ## - Ключова дума – ненормативна
Ключова дума ръководства
700 1# - Други автори (авторска отговорност)
Лично име Атанасов, Димитър
Автороска отговорност (Описва отношението между автора и произведението) науч. ред.
Друга информация Страгачев, Димитър Атанасов
9 (RLIN) 369894
852 ## - Местоположение
Форматна сигнатура Цб 56653
Фондова буква Хранилище
999 ## - СИСТЕМНИ КОНТРОЛНИ НОМЕРА
Koha biblionumber 60137
Koha biblioitemnumber 60137
942 ## - АРТИКУЛИ
Вид на библиотечния материал Книги
Скрит в OPAC Не
Периодичен библиозапис Да
Koha issues (borrowed), all copies 1
944 ## - СЪЗДАВАНЕ И РЕДАКЦИЯ на ЗАПИСА
Създаване/Редакция Създаване
Дата на регистрацията/редакция 13.06.2004
Служител, извършил регистрацията/редакцията 30530
Статус, дата на статуса Минев Младен
944 ## - СЪЗДАВАНЕ И РЕДАКЦИЯ на ЗАПИСА
Създаване/Редакция Редакция
Дата на регистрацията/редакция 2022-07-04
Служител, извършил регистрацията/редакцията ГГГ
Наличности
Код за отписване Код за изгубен артикул Източник на класификационната схема Код за повреда Коз за рестрикции Код за отдаване Артикулен № Име на библиотеката - собственик Име на библиотеката, в която се намира в момента Статус (Текущо местоположение) Дата на вписване в системата Местоположение - отдел Цена в лева Инвентарен номер Систематично азбучна сигнатура Баркод Номер на екземпляра Цена в евро Служебна бележка Служебен тип на артикула
  Не е изгубен Universal Decimal Classification Не е повреден без рестрикции заемане за дома 98868 Регионална библиотека "Любен Каравелов" Русе Регионална библиотека "Любен Каравелов" Русе Заемна - подръчен фонд 1993-01-01 Заемна - подръчен фонд 1.01 90091 П 684/И 58 120000090091 1 0.52 Дата инв: 27.03.2017 Бележки инв: Ч2017 Книги
  Не е изгубен Universal Decimal Classification Не е повреден само за читалня ползва се в читалня 98869 Регионална библиотека "Любен Каравелов" Русе Регионална библиотека "Любен Каравелов" Русе Хранилище 2022-07-04 Хранилище 1.01 85526 Цб 56653 120000085526 2 0.52 Дост: Dp Вид: Д N: стар фонд Дата: 01.01.1970 Книги
Vip Innovations Ltd, Rousse, Bulgaria 2025